La cuestión alemana /

Guardado en:
Bibliografiske detaljer
Hovedforfatter: Hubatsch, Walther (autor)
Andre forfattere: Heidelmeyer, Wolfgang (colaboración) (colaboración)
Format: Bog
Sprog:spansk
Udgivet: Barcelona, España : Herder, 1965, c1965
Fag:
Tags: Tilføj Tag
Ingen Tags, Vær først til at tagge denne postø!

MARC

LEADER 00000nam^a2200000^a^4500
001 000405944
005 20250521000000.0
009 20260526143744.851
037 |a Acervo Xavier Clavigero 
041 |a ESP 
082 |a 320. 943087  |b HUB 
100 |a Hubatsch, Walther  |e (autor) 
245 1 3 |a La cuestión alemana /  |c W. Hubatsch ; colaboración d W. Heidelmeyer... [et al.] ; tr. de Luis Santiago de Pablo, María Rosario Santiago de Pablo. 
264 4 |a Barcelona, España :  |b Herder,  |c 1965, c1965 
300 |a 401 p. 
336 |a texto  |b txt  |2 rdacontenido 
337 |a sin mediación  |b n  |2 rdamedio 
338 |a volumen  |b nc  |2 rdasoporte 
500 |a Traducción de: Die Deutsche Frage 
561 |a Ex libris de Instituto de Literatura Puente Grande, Jal. 
561 |a Ex libris de Bibl. Magnopontanae Domus Scti. Ioseph. Prov. Mex. Sept. S.I. 
561 |a Ex libris de Bibl. Iunioratus Dom. Prob. S. Ioseph 
649 |a XX 
650 |a Política -  |z Alemania -  |x Historia -  |y Tercer Reich, 1933-1945 
650 |a Política -  |z Alemania -  |x Historia -  |y RDA y RFA, 1949-1990 -  |x Tema Principal 
650 |a Alemania -  |x Historia -  |y Tercer Reich, 1933-1945 
650 |a Alemania -  |x Historia -  |y RDA y RFA, 1949-1990 
700 |a Heidelmeyer, Wolfgang  |e (colaboración) 
910 |a Fondo General 
920 |a Impresos - Libros 
930 |a Colección General 
905 |a 101 
901 |a 011937  |b IT1  |c ACC  |i IA  |u 20250521 
902 |a https://opac.biblio.iteso.mx/vufind/Record/000405944